000 00391nam a2200133Ia 4500
008 220217s9999||||xx |||||||||||||| ||und||
020 _a81-7366-289-4
082 _a005.13 REE
100 _aReese, George
_95539
245 0 _aDatabase programming with JDBC and java
260 _aShroff publishers and dist.Pvt.
_bMumbai
_c2007
300 _b150
650 _aDATA FILES & DATABASE
_9695
999 _c176547
_d176547